Online Catalogue and eLibrary

Inthup panpadu sila sinthanaihal (Record no. 3575)

MARC details
000 -LEADER
fixed length control field 00348nam a2200145Ia 4500
005 - DATE AND TIME OF LATEST TRANSACTION
control field 20250429090634.0
008 - FIXED-LENGTH DATA ELEMENTS--GENERAL INFORMATION
fixed length control field 240331s9999 xx 000 0 und d
082 ## - DDC Classification
Item Number - Author Mark KAL
Class No. 291
100 ## - MAIN ENTRY--PERSONAL NAME
Personal name Kaliasanathak K
245 #0 - TITLE STATEMENT
Title Inthup panpadu sila sinthanaihal
260 ## - PUBLICATION, DISTRIBUTION, ETC.
Place of publication, distribution, etc. Madras
Name of publisher, distributor, etc. Thamizhiyal
Date of publication, distribution, etc. 1986
300 ## - PHYSICAL DESCRIPTION
Extent (e.g. Volumes, Pages etc.) 68 p .,
650 ## - SUBJECT ADDED ENTRY--TOPICAL TERM
Topical term or geographic name entry element Essays
942 ## - Koha item type (Biblio)
Koha item type Books in Stacks (Lending)
Holdings
Lost status Damaged status Collection code Home library Current library Shelving location Date acquired Full call number Accession Number Item type
    Lending WERC Library WERC Library Social Science Cupboard 03/31/2024 291.5 KAL 1655 Books in Stacks (Lending)

© WERC Library